صورة الجنة في القرآن الكريم / (رقم التسجيلة. 140989)

تفاصيل مارك
000 -الفاتح
عناصر البيانات ثابتة الطول 00702cam a2200205 i 4500
005 - تاريخ ووقت آخر معاملة
حقل ضبط 20251125111541.0
008 - عناصر البيانات ثابتة الطول
عناصر البيانات ثابتة الطول 250721s2020 jo gr 000 0 ara d
020 ## - الترقيم الدولي المعياري للكتب (ردمك)
الترقيم الدولي المعياري للكتب (ردمك) 9789923230374
082 14 - رقم تصنيف ديوي العشري
رقم التصنيف 211.6
رقم المادة ز ع ب
100 1# - مدخل رئيسي – اسم شخصي
الاسم الشخصي الزعبي، زهير موسى
علاقة الشخص بالعمل/ دوره مؤلف.
245 10 - بيان العنوان
العنوان صورة الجنة في القرآن الكريم /
بيان المسؤولية أ. زهير موسى الزعبي.
250 ## - بيان الطبعة
بيان الطبعة الطبعة الأولى.
264 31 - بيانات النشر، التوزيع…إلخ
مكان النشر، التوزيع...إلخ عمان :
اسم الناشر، الموزع...إلخ دار الخليج للنشر و التوزيع،
تاريخ النشر، التوزيع...إلخ 2020.
300 ## - الوصف المادي
عدد الوحدات المكونة للوعاء 212 صفحة.
650 17 - مدخل إضافي بالموضوع - مصطلح موضوعي
مصطلح موضوعي أو اسم جغرافي كعنصر مدخل القران الكريم.
650 17 - مدخل إضافي بالموضوع - مصطلح موضوعي
مصطلح موضوعي أو اسم جغرافي كعنصر مدخل الجنة.
650 17 - مدخل إضافي بالموضوع - مصطلح موضوعي
مصطلح موضوعي أو اسم جغرافي كعنصر مدخل اعجاز القران.
942 ## - بيانات إضافية (كوها)
نوع التنصيف Dewey Decimal Classification
نوع المادة (كوها) كتب
المقتنيات
حالة السحب حالة الفقدان مصدر التصنيف حالة التلف غير قابل للإعارة المكتبة الرئيسية المكتبة الحالية موقع الرف تاريخ التزويد الرقم المتسلسل Total Checkouts رقم الإستدعاء الباركود تاريخ آخر ظهور تاريخ الفاتورة نوع المادة (كوها)
    Dewey Decimal Classification     المكتبة المركزية المكتبة المركزية الإعارة 28/07/2025 1729248   211.6 / ز ع ب PLD00478568 28/07/2025 28/07/2025 كتب
    Dewey Decimal Classification     المكتبة المركزية المكتبة المركزية مقتنيات قسم التزويد 28/07/2025 1729249   211.6/زعب   28/07/2025 28/07/2025 كتب
    Dewey Decimal Classification     المكتبة المركزية المكتبة المركزية مقتنيات قسم التزويد 28/07/2025 1729250   211.6/زعب   28/07/2025 28/07/2025 كتب
    Dewey Decimal Classification     المكتبة المركزية المكتبة المركزية مقتنيات قسم التزويد 28/07/2025 1729251   211.6/زعب   28/07/2025 28/07/2025 كتب
    Dewey Decimal Classification     المكتبة المركزية المكتبة المركزية مقتنيات قسم التزويد 28/07/2025 1729252   211.6/زعب   28/07/2025 28/07/2025 كتب
    Dewey Decimal Classification     مكتبة أبو علندا العامة مكتبة أبو علندا العامة الإعارة 25/11/2019 1729253   211.6/زعب PLD00478938 28/07/2025 25/11/2019 كتب
    Dewey Decimal Classification     مكتبة أم قصير والمقابلين العامة مكتبة أم قصير والمقابلين العامة الإعارة 25/11/2019 1729256   211.6/زعب PLD00478941 28/07/2025 25/11/2019 كتب
    Dewey Decimal Classification     مكتبة الاميرة بديعة مكتبة الاميرة بديعة الإعارة 25/11/2019 1729257   211.6/زعب PLD00478942 28/07/2025 25/11/2019 كتب
    Dewey Decimal Classification     مكتبة البراعم الواعدة مكتبة البراعم الواعدة الإعارة 25/11/2019 1729258   211.6/زعب PLD00478944 28/07/2025 25/11/2019 كتب
    Dewey Decimal Classification     مكتبة الجويدة مكتبة الجويدة الإعارة 25/11/2019 1729254   211.6/زعب PLD00478939 28/07/2025 25/11/2019 كتب
    Dewey Decimal Classification     مكتبة الحسن العامة مكتبة الحسن العامة الإعارة 25/11/2019 1729259   211.6/زعب PLD00478945 28/07/2025 25/11/2019 كتب
    Dewey Decimal Classification     مكتبة صويلح العامة مكتبة صويلح العامة الإعارة 25/11/2019 1729261   211.6/زعب PLD00478948 28/07/2025 25/11/2019 كتب
Implemented & Customized by: BBB with SCIT (Smart Chains for Information Technology)

Powered by Koha